000 01556nam a2200265 a 4500
001 000024403
005 20240925085245.0
008 110113s1988 dr a 001 0 spa d
040 _aDO-SdBNP
_bspa
_cBNPHU
082 _a972.9301
_bT231, 1988
100 1 _aTavares K., Juan Tomás,
_d1953-
_948925
245 1 4 _aLos indios de Quisqueya /
_cJuan Tomás Tavares K.
250 _a4a ed.
260 _aSanto Domingo :
_bEditora Taller,
_c1988.
300 _a63 P. :
_bil., map. ;
_c24 cm.
490 1 _aBiblioteca Taller ;
_vno. 256
505 0 _aLa sociedad Taína al tiempo del descubrimiento -- Los Taínos -- Tipo físico -- Vestimenta -- Vivienda -- Conocimientos técnicos -- Agricultura y alimentación -- Armas y costumbres guerreras -- Creencias religiosas -- Areitos -- El juego de pelota -- Organización político-social -- El Cacique -- Historia de los taínos después del descubrimiento -- Primer encuentro de los taínos con los españoles : Guacanagaríx -- La captura de Caonabo -- La fundación de la ciudad de Santo Domingo -- Guarionex y Mayobanex -- Matanza de Jaragua y muerte de Anacaona -- Hatuey -- La guerra de Higüey. Muerte de Cotubanama -- Enriquillo: La rebelión del Bahoruco -- Defensa de los Indios
650 4 _aTaínos
_91856
650 4 _aIndígenas de santo domingo
_944222
650 4 _aTaínos
_xVida social y costumbres
_944131
651 0 _aRepública Dominicana --
_xHistoria --
_yDescubrimiento y conquista, 1492-1503
_9255
830 0 _aBiblioteca Taller ;
_vno. 256
_9164
049 _aBNPD
049 _aBNPD
999 _c23896
_d23896